|
|
|
|
| LEADER |
00000nam a22000007a 4500 |
| 005 |
20180327010123.0 |
| 007 |
cr|||| |||| |
| 008 |
180327s2013 mx |||||s|||| 00||0 spa d |
| 020 |
|
|
|a 978-607-8156-14-6
|
| 035 |
|
|
|a 21163
|
| 040 |
|
|
|a vLex
|
| 090 |
|
|
|c 7557
|d 7557
|
| 100 |
1 |
|
|a ℓlvarez Montero, Jos ̌Lorenzo
|
| 245 |
1 |
3 |
|a Los derechos sociales y el derecho de acceso al agua y al saneamiento
|h [Recurso electrn̤ico] /
|c Jos ̌Lorenzo ℓlvarez Montero
|
| 256 |
|
|
|a Servicio en ln̕ea
|
| 260 |
|
|
|a Veracruz:
|b Universidad de Xalapa,
|c 2013
|
| 300 |
|
|
|a 1 recurso electrn̤ico (174 p.)
|
| 506 |
1 |
|
|a Disponible solo en los productos indicados
|d vLex Global
|d vLex Global (Academic Edition, excluding Law Schools)
|d vLex Global (U.S. Academic Edition, Law Schools)
|d vLex Global (U.S. Academic Edition, excluding Law Schools)
|d vLex Global (Academic Edition, Law Schools)
|
| 650 |
0 |
4 |
|a Derecho Pb︢lico y Administrativo
|z Mx̌ico
|
| 650 |
0 |
4 |
|a Derecho del Medio Ambiente
|z Mx̌ico
|
| 740 |
0 |
|
|a vLex Libros (Servicio en ln̕ea)
|
| 856 |
4 |
0 |
|u http://vlex.com/source/derechos-sociales-derecho-acceso-agua-saneamiento-21163
|z Acceso restringido
|
| 942 |
|
|
|c BOOK
|
| 999 |
0 |
|
|a Public and Administrative Law
|
| 999 |
0 |
|
|a Environmental Law
|